[Event "Wch U20"]
[Site "Yerevan"]
[Date "2007.10.03"]
[Round "1"]
[White "Meier, Georg"]
[Black "Kalashian, David"]
[Result "1-0"]
[WhiteElo "2558"]
[BlackElo "2361"]
[Annotator "Meier,Georg"]
[PlyCount "97"]
[EventDate "2007.10.03"]
[EventType "swiss"]
[EventRounds "13"]
[EventCountry "ARM"]
[SourceTitle "CBM 121"]
[Source "ChessBase"]
[SourceDate "2007.11.14"]
[SourceVersion "1"]
[SourceVersionDate "2007.11.14"]
[SourceQuality "1"]

1. e4 c5 2. Nf3 d6 3. Bb5+ Bd7 4. Bxd7+ Qxd7 5. c4 e5 {Das sieht zwar nicht
gut aus, aber für Menschen, die nicht Karpov heißen, ist die Minderwertigkeit
des Bf8 nicht so leicht nachzuweisen. Die Motivation für Schwarz, diese
Struktur zu spielen, ist wohl der noch bewegliche f-Bauer und die damit
verbundene Möglichkeit, am Königsflügel das Ruder zu übernehmen.} 6. Nc3 Nc6 7.
d3 ({Es lohnt sich diese instruktive Musterpartie zu studieren:} 7. O-O Nge7 8.
Nd5 Nxd5 9. cxd5 Nd4 10. Nxd4 cxd4 11. d3 Be7 12. Qb3 O-O 13. f4 Rac8 14. Bd2
f6 15. h3 Rc7 16. Rf2 Rfc8 17. Raf1 Rc2 18. g4 a6 19. a4 R8c5 20. Bb4 Rxf2 21.
Kxf2 Rc7 22. Bd2 Qc8 23. Ke2 Rc5 24. f5 Bd8 25. Qa3 Kf7 26. Rb1 Ke7 27. Kd1 Qd7
28. b4 Rc8 29. Qa2 Bb6 30. Be1 Kf7 31. Ra1 Bd8 32. Bd2 Bb6 33. a5 Bd8 34. Qa4
Qxa4+ 35. Rxa4 Ke8 36. h4 h6 37. Ra2 Kd7 38. Be1 Be7 39. Rg2 Bd8 40. Bd2 Be7
41. Rg3 Rh8 42. Kc2 Rc8+ 43. Kb2 Rh8 44. Rg2 Rc8 45. Rg1 Rh8 46. Kc2 Rc8+ 47.
Kd1 Rh8 48. Be1 Rc8 49. Rg2 Rh8 50. Rb2 Rc8 51. Bd2 Bd8 52. b5 axb5 53. Rxb5
Kc7 54. Ke2 Kb8 55. Bb4 Bc7 56. a6 Ka7 57. axb7 Rb8 58. Bd2 Rxb7 59. Rxb7+ Kxb7
60. g5 hxg5 61. hxg5 Bd8 62. Kf3 Kc8 63. Kg4 Kd7 64. Kh5 Ke8 65. Bb4 fxg5 66.
Bxd6 Bf6 67. Bb4 Kf7 68. Bd2 Be7 69. Bxg5 Ba3 70. Bd8 Bd6 71. Kg5 {1-0 Karpov,
A (2660)-Ribli,Z (2525)/Bath 1973/EU-chT}) 7... g6 8. a3 Bg7 9. b4 Nge7 10. Qa4
$5 $146 {Heute wollte ich meinen König in der Mitte lassen, ein bisschen
Provokation trägt meist zur Belebung des Spiels bei...} (10. Rb1 O-O 11. O-O h6
12. Nd5 f5 13. Ne1 f4 14. bxc5 dxc5 15. Bb2 Kh7 16. Bc3 g5 17. h3 Bh8 18. Qg4
Rad8 19. a4 Nc8 20. Rb5 b6 21. Nf3 Qxg4 22. hxg4 Nd6 23. Rb2 Nb7 24. Nd2 Nb4
25. Bxb4 cxb4 26. Rxb4 Nc5 27. a5 bxa5 28. Rb5 Nxd3 29. Rxa5 Rf7 30. Rfa1 Bg7
31. R1a3 Nb4 32. Rxa7 Rxa7 33. Rxa7 Nc6 34. Rc7 Nd4 35. Nf3 Kg8 36. c5 Ne6 37.
Rc6 Nd4 38. Rb6 Kf7 39. c6 Ke8 40. Rb7 {1-0 Tseitlin,M (2480)-Jankovec,I (2320)
/Olomouc 1973/EXT 2002}) 10... Nd4 11. Rb1 Nxf3+ 12. gxf3 Nc6 {Hier wurde der
Grundstein für meine spätere - glücklicherweise folgenlose - Zeitnot gelegt.
Denn ich musste feststellen, dass das Türschloss der Toilette heute nur einen
einmaligen Gebrauch zuließ. Von innen ließ es sich nicht mehr öffnen und so
war das Orga-Komitee etwa 20 Minuten damit beschäftigt, einen
Toiletten-Skandal abzuwenden und mich aus dieser misslichen Lage wieder zu
befreien... ;-)} 13. Nd5 (13. bxc5 dxc5 14. Nd5 Rc8 {nebst b6 und der
Damenflügel ist befestigt.}) 13... O-O 14. bxc5 (14. h4 Rac8) 14... Qh3 {
Wie schon bei Qa4 angedeutet... ließ "Action" nicht lange auf sich warten.
Allerdings war ich der Ansicht, kein echtes Risiko einzugehen, da die Dame auf
sich allein gestellt ist.} (14... dxc5 15. Be3 Qh3 16. Rxb7 (16. Ke2 f5 17.
Rxb7 Rac8 $132) 16... Qxf3 17. Rg1 Nd4 {geht zur Partie über.}) 15. Be3 Qxf3
16. Rg1 dxc5 17. Rxb7 Nd4 18. Bxd4 exd4 {Es sieht so aus, als ob Wei? sehr
zufrieden sein kann: Turm auf der siebten Reihe und ein "Oktopus" auf d5
gegenüber dem unschuldig wirkenden Bg7... Dafür ist der weiße König jedoch
ohne sicheren Unterschlupf und das sollte Schwarz zu ausreichendem Gegenspiel
genügen.} 19. Rg3 Qh1+ 20. Ke2 Rab8 $2 {Mein Gegner übersah hierbei vermutlich
die Parade 25.Nb4 (nach dem konsequenten 23...Rb8) und wähnte sich deshalb
wohl sogar im Vorteil.} (20... Qxh2 $142 21. Qd7 Qh5+ (21... Z0 22. Ne7+ Kh8
23. Nxg6+ hxg6 24. Rh3+ $18) 22. Rf3 $13 (22. Kf1 Qh1+ $11)) 21. Qxa7 Rxb7 (
21... Be5 22. Rf3 Rxb7 (22... Qc1 $2 23. Rxb8 Rxb8 24. Qxf7+ Kh8 25. Rh3 h5 26.
Rxh5+ gxh5 27. Qxh5+ Kg8 28. Qxe5 $16) 23. Qxb7 {-Text}) 22. Qxb7 Be5 23. Rf3
Qxh2 (23... Rb8 $2 24. Qxf7+ Kh8 25. Nb4 $1 (25. Nb6 Qb1 26. Qe7 Bg7 27. Rf7
Qc2+ 28. Kf3 Qd1+ 29. Kf4 Qc1+ 30. Kg3 Qg1+ 31. Kh3 h5 32. f3 g5 $11) 25...
Qxh2 26. Qe7 Bd6 27. Qf6+ Kg8 28. Qe6+ Kh8 29. Rh3 Qf4 30. Qxg6 $18) 24. a4 g5
{Ab hier lasse ich einige klare Gewinnmöglichkeiten aus, doch der Vorteil ist
so überwältigend, dass mein Gegner keine echte Chance mehr bekam.} 25. Qd7 $2 (
25. Qe7 h6 26. a5 $18) 25... Qh5 26. a5 Rb8 27. Nb6 Bf4 (27... f6 28. a6) 28.
Qf5 Bd6 29. Qd5 Qg6 30. Rf5 $2 (30. Nd7 $18) 30... Bf4 $2 (30... h6 $142 31.
Ke1 $16) 31. Ke1 $1 (31. Kf1) 31... Bc1 $2 32. Qe5 $6 (32. Nd7 $18) 32... Rb7
33. Qxc5 Rb8 34. Qe5 Rb7 35. Qc5 {Wichtig, um sich der Zeitkontrolle
anzunähern!} Rb8 36. Qc7 Re8 37. Qd7 Rb8 38. Qxd4 Qh5 39. c5 Bf4 40. Rxf4 gxf4
41. Kd2 Qg5 42. a6 f3+ 43. Kc2 Qe7 (43... Rd8 44. Qxd8+ Qxd8 45. a7 Qd4 46.
a8=Q+ Kg7 47. Qd5 $18) 44. Nd5 Qd8 45. c6 Rc8 46. Qc5 Kg7 47. c7 Qd7 48. Qc3+
Kg6 49. Nb6 1-0

[Event "Dortmund 46th"]
[Site "Dortmund"]
[Date "2018.07.15"]
[Round "2"]
[White "Nisipeanu, Liviu Dieter"]
[Black "Duda, Jan Krzysztof"]
[Result "0-1"]
[WhiteElo "2672"]
[BlackElo "2737"]
[Annotator "Mekhitarian,K"]
[PlyCount "64"]
[EventDate "2018.07.14"]
[EventType "tourn"]
[EventRounds "7"]
[EventCountry "GER"]
[EventCategory "19"]
[SourceTitle "CBM 186"]
[Source "ChessBase"]
[SourceDate "2018.09.14"]
[SourceVersion "1"]
[SourceVersionDate "2018.09.14"]
[SourceQuality "1"]

1. e4 c5 2. Nf3 d6 3. Bb5+ Bd7 4. Bxd7+ Qxd7 {There is a good rule to follow
here as Black: If White plays c3, then ...e6 is usually more accurate, while
if White plays c4, then ...g6 is the best setup against the Hedgehog structure.
} 5. O-O ({For example:} 5. c4 Nc6 6. Nc3 g6 7. d4 cxd4 8. Nxd4 Bg7 9. Be3 Nf6
10. f3 O-O 11. O-O {is the main line, when both sides have a number of
alternatives. We saw this position in Kasparov's reappearance in 2017, against
Caruana in a rapid game:} a6 12. Na4 Rab8 13. Nxc6 Qxc6 14. Nb6 Nd7 15. Nxd7
Qxd7 16. Rf2 b5 17. c5 Qa7 18. Rc1 dxc5 19. Bxc5 Qc7 20. f4 Rfd8 21. Qe1 Rd3
22. e5 Qd7 $15 {1-0 (50) Caruana,F (2807)-Kasparov,G (2812) Saint Louis 2017,
when Black is doing perfectly fine: the bishop is out of play on g7 for now,
but he has the control of the central d-file.}) 5... Nf6 6. Re1 Nc6 7. c3 (7.
c4 g6 $1 {[%cal Rf8g7,Rg7d4] Now the move 6.Re1 wouldn't fit in the position,
since White has to try to stabilise the central situation quickly (with d4 and
after the pawns get exchanged, Be3, and preferably f3 to avoid ...Ng4).}) 7...
e6 8. d4 cxd4 9. cxd4 d5 10. e5 Ng8 $5 {An interesting alternative to the
popular 10...Ne4.} (10... Ne4 {is the main move here, and we achieve a
position that has huge drawing tendencies - an amazing 68.2% draw percentage
over 627 games, according to my Mega Database 2018.} 11. Nbd2 Nxd2 12. Bxd2 Be7
13. Rc1 O-O 14. Rc3 Rfc8 15. a3 Nd8 16. Ree3 Rxc3 17. Rxc3 Rc8 $11 {½-½ (38)
Burg,T (2511)-Shirov,A (2715) Skopje 2015, Black could also have played in
many different ways, but basically nothing is really happening, and the c-file
is a great place to exchange pieces. The only thing White may rely on is
having more space with the e5-d4 structure, but realistically, that is nothing.
}) 11. a3 (11. Nc3 Nge7 12. Ne2 Nf5 13. Nf4 h5 14. h4 Be7 15. g3 O-O-O $1 {
The same idea we see in this game} 16. a3 Kb8 17. b4 Rdg8 18. Ne2 Qd8 19. Bf4
Ka8 (19... g5 $5 {was already possible, with complex play} 20. Nxg5 Bxg5 21.
Bxg5 Rxg5 22. hxg5 h4 $40 (22... Qxg5 $5)) 20. Rc1 Qb6 21. Qa4 a6 22. Rb1 Na7
23. Qb3 Rc8 $11 {0-1 (51) Sebag,M (2471)-Radjabov,T (2729) Cap d'Agde 2006,
Black has changed his mind, but also reached a fine position; there are always
weaknesses on White's camp to be worried about, like c4 for example.}) 11...
Nge7 12. Nc3 h5 (12... Nf5 $5 {could have been better at once, since it is not
entirely clear that g4 is good for White:} 13. g4 Nfe7 {[%cal Rh7h5] followed
by h5} 14. Bf4 h5 15. h3 hxg4 16. hxg4 Na5 17. Rc1 Nc4 $15 {½-½ (33)
Bruchmann,S (2304)-Grigorian,S (2345) Germany 2016 and Black should play with
the king in the centre, with the h8-rook already 'developed'.}) 13. Bg5 (13.
Nh4 $5 {[%csl Rf5] a typical move in such positions - the knight looks awkward
on h4, but on the other hand, it stops Black's main plan of playing ...Nf5:}
Nc8 14. h3 Be7 15. Nf3 O-O 16. Qd3 $14 {and without the knight on f5, White
has to be better here.}) 13... Nf5 14. Rc1 Be7 15. Bxe7 Qxe7 16. Qd3 O-O-O $5 {
An interesting decision! Usually Black castles to the kingside in such
positions, since the c-file is open. But Duda has a strong ...g5-plan coming
quickly. The game becomes tense!} 17. Na4 Kb8 18. Nc5 g5 $1 $132 19. Rc3 $2 {
It's hard to understand this mistake, 19.b4 was still pretty decent for White.}
(19. b4 $1 {was needed} g4 20. b5 Na5 (20... gxf3 $2 21. bxc6 $18 {and White
is simply winning}) (20... Nb4 $5 {sacrificing a pawn for activity} 21. axb4
gxf3 22. Qxf3 Rhg8 {[%cal Rf5h4]} (22... Nxd4 $2 23. Qd3 $1 Nf5 24. Rc2) 23. g3
h4) 21. Nd2 $13 {with complex play.}) 19... g4 20. Nd2 Ncxd4 $17 {And Black
has a huge advantage after taking the central pawn for free, and the
compensation for it is not clear at all.} 21. Rec1 Rc8 22. Nf1 Rc6 23. Ng3 Ka8
$1 {Good prophylaxis!} (23... Rhc8 $2 {wouldn't be precise:} 24. Nxf5 Nxf5 25.
Na6+ $1 {[%csl Rc6,Rc8]} Ka8 26. Rxc6 Rxc6 27. Rxc6 bxc6 28. Qc3 $132 {and
White has good counterplay chances.}) 24. Nxf5 Nxf5 25. b4 Rhc8 26. a4 b6 {
Having played consistent moves after winning the pawn, Black is close to
deciding the game.} 27. Nb3 Rxc3 28. Rxc3 Rxc3 (28... Kb8 $5 {would be a
subtle and pretty move, bringing the king back to the game.}) (28... Kb7 $4 {
It is never late to go wrong!} 29. Na5+ $1 {and Black is in trouble now:} Kb8 (
29... bxa5 30. Qb5+ Ka8 31. Rxc8#) 30. Rxc8+ (30. Nc6+ {is not better for
White:} Rxc6 31. Rxc6 Qxb4 $132) 30... Kxc8 31. Qa6+ $1 Kd7 32. Nc6 $3 {
an amazing move, forcing Black to resign, since the knight is untouchable:}
Kxc6 (32... Qf8 33. Qb7+ Ke8 34. Qc8#) 33. Qc8+ Qc7 34. b5+ Kc5 35. Qxc7+ $18)
29. Qxc3 Kb7 30. a5 (30. b5 {wouldn't change much:} Qc7 $1 {The knight ending
is easily won. For example:} 31. Qxc7+ Kxc7 32. Kf1 Kd7 33. Nc1 (33. Ke2 $2 Nh4
34. g3 Nf3 $19) 33... Ke7 34. Ke2 f6 $19) 30... Qd7 {[%csl Ra4,Rb5]} 31. Nd4
Nxd4 32. Qxd4 Qc7 {White resigned since a second pawn will be lost, and the
position is hopeless. A nice win for the young Polish star Duda!} 0-1

[Event "Sao Paulo zt 2.4"]
[Site "Sao Paulo"]
[Date "2001.??.??"]
[Round "3"]
[White "Oblitas Guerrero, Carlomagno"]
[Black "Leitao, Rafael Duailibe"]
[Result "0-1"]
[WhiteElo "2404"]
[BlackElo "2587"]
[Annotator "Melao,H"]
[PlyCount "138"]
[EventDate "2001.06.07"]
[EventType "tourn"]
[EventRounds "9"]
[EventCountry "BRA"]
[EventCategory "8"]
[SourceTitle "CBM 082 Extra"]
[Source "ChessBase"]
[SourceDate "2001.07.03"]
[SourceVersion "1"]
[SourceVersionDate "2001.07.03"]
[SourceQuality "1"]

1. e4 c5 2. Nf3 d6 3. Bb5+ Bd7 4. Bxd7+ Qxd7 5. O-O Nc6 6. c3 Nf6 7. Re1 e6 8.
d4 cxd4 9. cxd4 d5 10. e5 Ne4 11. Nc3 Nxc3 12. bxc3 {[%mdl 16] o plano das
Pretas será instalar o Cavalo em 'c4', dobrar as Torres na coluna 'c' e
gradualmente ir aumentando a pressão sobre o Peão atrasado 'c3'. Enquanto isso
as Brancas devem atacar na ala do Rei, onde têm vantagem de espaço.} Be7 13.
Ng5 (13. h4 Rc8 14. h5 Na5 15. h6 gxh6 16. Bxh6 Rg8 17. Qd2 Qd8 18. Rac1 Nc4 {
1/2-1/2 O'Donnell,T-Gurevich,V/Siofok 1990/CBM 20 ext (18)}) (13. Qd3 Rc8 14.
Ng5 h6 15. Nh3 g6 16. Nf4 Bg5 17. Ne2 Bxc1 18. Raxc1 Na5 19. f4 h5 20. h3 Nc4 {
1/2-1/2 Blasko,I-Ballai,Z/HUN 1998/EXT 99 (20)}) ({a idéia de trocar o Bispo
mau não melhora as perspectivas das Brancas, porque depois de} 13. Bg5 Bxg5 14.
Nxg5 Na5 {as Pretas teriam melhor jogo.}) 13... h6 14. Nh3 O-O-O $1 {
naturalmente as Brancas teriam mais chances de empreender um ataque bem
sucedido na ala do Rei.} 15. Qa4 (15. Nf4 Kb8 16. Rb1 (16. Re2 Na5 17. Bd2 Rc8
18. Be1 Rc4 19. a4 Rc6 20. Nd3 Rhc8 21. Rb2 Nc4 22. Rba2 Ka8 23. Qg4 Bf8 24. h4
Ra6 25. h5 Ra5 26. Nb4 b5 27. axb5 Rxa2 28. Rxa2 Qxb5 29. Kh2 a5 {Cetkovic,
M-Parma,B/Vrnjacka Banja 1962/EXT 2000/0-1 (49)}) 16... Rc8 17. Qf3 Rhd8 {
1/2-1/2 Fuchs,R-Bogdanovic,R/Tbilisi 1965/EXT 98 (17)}) 15... b6 16. Qa6+ Qb7
17. Qd3 Na5 18. Qf3 Rdf8 19. Nf4 Kb8 20. Nh5 g6 21. Nf4 (21. Nf6 Qc7 (21... Nc4
22. a4) 22. a4 $1 Nc4 (22... Rc8 23. Ba3) 23. a5 Nxa5 24. Ba3 $44) 21... Nc4
22. a4 Ka8 23. Be3 ({sempre й bom esse sacrifício temático:} 23. a5 $5) 23...
Rc8 {[%mdl 32]} 24. Reb1 (24. a5 $5) 24... Na5 25. Bc1 Rhd8 26. Rb5 Rc4 27. Qd1
$6 (27. Nd3 $1 a6 (27... Rxc3 $2 28. Bd2 $18) (27... h5 $2 28. Rab1 $18) 28.
Rbb1 Bf8 29. Nb2 Rc6 30. Nd1 $14) 27... h5 {[%csl Rd5,Re6,Rf7,Rg6,Rh5] e as
Pretas fizeram o "V" da "vitória" com os Peões. ;-)} 28. Ne2 Rdc8 29. h3 Qd7
30. Ba3 Bxa3 31. Rxa3 Qe7 {as peças Pretas estão melhor coordenadas e possuem
um plano mais claro: aumentar a pressão sobre 'Pc3'.} 32. Ra1 g5 33. Qd3 Qe8
34. Rb4 Qg8 35. Rxc4 Rxc4 36. Ng3 h4 $1 37. Nh5 Kb7 (37... g4 $5) 38. Nf6 Qg6
39. Qxg6 fxg6 {[%mdl 4096]} 40. Nh7 {as Brancas vão ganhar material, isso está
claro, mas as Pretas vão criar um poderoso Peão passado distante, que decidirá
a partida.} Nb3 41. Rd1 Rxa4 $1 {Após a inevitável troca de Torres, o final
será claramente superior para as Pretas.} (41... Rxc3 {conduziria
tranqüilamente ao empate.} 42. Nxg5 Rc6 $11) 42. Nxg5 Rc4 43. Nxe6 Rxc3 44. Nf4
Rc1 45. Rxc1 Nxc1 46. Kf1 Nb3 47. Ke2 (47. Nxg6 a5 48. Nxh4 (48. e6 Kc7) 48...
a4 {e as Pretas devem vencer.}) 47... Nxd4+ 48. Kd3 Nf5 {[%csl Yc4,Yd4,Ye3,Ye4,
Gh4]} 49. Nxg6 Kc6 50. Nf4 ({Não há o que se possa fazer. Uma tentativa
desesperada como} 50. Nxh4 {seria rapidamente refutada com} Nxh4 51. g4 a5 52.
f4 a4 53. f5 a3 54. Kc2 d4 $1 55. f6 d3+ $19) 50... a5 51. Ne2 $1 (51. Kc3 b5
52. Ne6 a4 53. Kb4 (53. Nd4+ $4 Nxd4 54. Kxd4 a3 55. Kc3 d4+ $19) 53... d4 54.
Nc5 Ne7 55. Nd3 Nd5+ 56. Ka3 Nb6 57. Kb4 Nc4 58. e6 a3 $1 59. Kb3 Kd6 60. Nf4
b4 $1 61. e7 Kd7 $1 {e as Pretas devem vencer.} (61... Kxe7 62. Nd5+ $11))
51... a4 52. g4 hxg3 53. fxg3 a3 $6 ({Й uma posição difícil de avaliar, mas
com o avanço combinado dos Peões a,b, as Pretas teriam mais chances de vencer} 
53... b5 $1) 54. Kc2 d4 55. Kb3 $6 ({as Brancas poderiam empatar com} 55. Nf4
Nxg3 56. Kb3 Nh5 $1 (56... Kc5 57. Kxa3 Kc4 58. e6 Nf5 59. h4 $11) 57. Nd3 $1 (
57. Nxh5 d3 $19) 57... Kd5 58. Kxa3 Ke4 59. Nb2 $11 {e logo não haveria Peões.}
) 55... d3 56. Nc3 d2 57. Kxa3 $2 (57. Nd1 $1 $11) 57... Ne3 $1 (57... Nxg3 58.
Kb3 Ne4 59. Nd1 Kd5 60. Kc2 Kxe5 61. Ne3 $11) 58. Kb3 b5 $1 (58... d1=Q+ $4 59.
Nxd1 Nxd1 60. h4 {e as Pretas teriam que lutar pelo empate.}) 59. h4 b4 60. Nd1
$1 (60. Kxb4 Nd5+ $19) 60... Nxd1 61. Kc2 Ne3+ (61... b3+ $2 62. Kxd2 (62. Kxd1
$4 b2 $19) 62... b2 63. Kc2 Kd5 64. g4 Kxe5 65. h5 Kf6 66. h6 Kg6 67. g5 $11)
62. Kxd2 Nc4+ 63. Kc2 Nxe5 64. h5 Ng4 65. Kb3 Kc5 66. Kb2 Kc4 67. Kc2 b3+ 68.
Kb2 Kb4 69. Kb1 Kc3 0-1

[Event "Geneve FIDE GP (Women)"]
[Site "Geneve"]
[Date "2013.05.08"]
[Round "5"]
[White "Muzychuk, Anna"]
[Black "Hou, Yifan"]
[Result "1-0"]
[WhiteElo "2585"]
[BlackElo "2617"]
[Annotator "Mikhalchishin,A"]
[PlyCount "75"]
[EventDate "2013.05.03"]
[EventType "tourn"]
[EventRounds "11"]
[EventCountry "SUI"]
[EventCategory "11"]
[SourceTitle "CBM 155"]
[Source "ChessBase"]
[SourceDate "2013.07.16"]
[SourceVersion "1"]
[SourceVersionDate "2013.07.16"]
[SourceQuality "1"]
[WhiteClock "0:03:28"]
[BlackClock "0:00:35"]

{A very important game between the 1st and 2nd seeded players in the
tournament. Mucychuk said, that she had not won against Hou Yifan for a long
time - her last win was in Krasnoturjinsk in 2007! So, the game was very much
a key one and Anna decided not to play main lines, but to choose a side line,
which has promised White good results recently. Even World Champion Anand has
lost twice here.} 1. e4 c5 2. Nf3 d6 3. Bb5+ Bd7 {The World Champion plays
this line regularly, she has just once played a sharper move} (3... Nd7) 4.
Bxd7+ Qxd7 5. c4 Nf6 6. Nc3 g6 7. d4 cxd4 8. Nxd4 Bg7 9. f3 O-O 10. Be3 Nc6 11.
O-O a6 $5 {(Kasparov) The logical plan is to try to control the black squares.}
(11... Qd8) 12. a4 e6 13. Nxc6 $1 {A very logical novelty. In the past the
following have been tested:} (13. Rc1 Ne5 14. Qe2 Rfc8 $1 15. b3 d5 $1 16. cxd5
(16. f4 Neg4 17. e5 Nxe3 18. exf6 (18. Qxe3 Ng4 19. Qe2 dxc4 $1 20. Rfd1 cxb3
21. Nxb3 Qe7 22. Qxg4 Qa3 $15) 18... Nxf1 19. fxg7 dxc4 20. Rd1 cxb3 $13) 16...
exd5 17. f4 $1 Rxc3 $5 18. Rxc3 Nxe4 19. Rc2 Ng4 $1 (19... Nc6 20. Nxc6 bxc6
21. Qd3 $14) 20. Rfc1 h5 $1 (20... Nxe3 21. Qxe3 Re8 22. Qd3 Qd8 23. Nf3 $14)
21. Rc7 Qd6 $5 {Sadvakasov,D (2585)-Kasparov,G (2835)/Astana 2001; with big
complications.}) (13. Nde2 Qc7 14. Rb1 Nd7 15. Qd2 Nc5 16. b3 Rac8 17. Rfd1 Na5
18. Qa2 Ncxb3 19. Rxb3 Nxb3 20. Qxb3 Qxc4 21. Qxc4 Rxc4 22. Rd3 $1 {Zagrebelny,
S (2526)-Shipov,S (2593)/Russia 2004; with a slight advantage.}) 13... bxc6 (
13... Qxc6 {would be clearly worse:} 14. Rc1 Qxc4 $2 15. Nd5 Qa2 16. Ra1 Qxb2
17. Bd4 Nxd5 18. Bxb2 Bxb2 19. exd5) 14. a5 ({It is necessary to keep the
d6-pawn weak:} 14. c5 d5 15. e5 Ne8 16. f4 Rb8 {with very serious counterplay.}
) ({Muzychuk considered here} 14. b4 {but decided that} Ng4 {is very unpleasant
}) 14... Qc7 ({It would be safer to go to the other side with} 14... Qe7) 15.
Bb6 ({Sharper and probably equally good was} 15. Na4 d5 16. Bb6 Qf4 17. g3 Qg5
18. f4 Qh6) ({Anna said that she did not like to allow her opponent to build a
strong structure by} 15. Qd2 c5) 15... Qb8 ({Still it was not too late to go
the other way by} 15... Qe7) 16. Na4 ({Very unclear developments would follow
the rook transfer} 16. Ra3 Nd7 17. Rb3 Nxb6 18. Qd3 Qd8 19. Rxb6 Qg5) 16... Nd7
17. Be3 {Anna said, that she had to return with her bishop as c6-c5 threatened
to cut it off.} c5 18. Qd2 Qc7 ({Black has a problem with the d6-pawn and it
could be solved in a slightly unusual way:} 18... Rc8 19. Rfd1 Rc6) 19. Rfd1
Ne5 20. Nb6 Rad8 21. Ra3 {A typical rook transfer to increase the attacking
power.} Nc6 ({An aggressive approach could lead to many weaknesses:} 21... f5
22. Bg5 Rde8 23. exf5 (23. Qxd6 $2 Qxd6 24. Rxd6 Nf7) 23... Rxf5 24. Bh4 Bf8
25. Bg3) 22. Rd3 Rfe8 23. Bg5 ({There was a positional trap:} 23. Rxd6 Bd4 24.
Rxd8 Rxd8 25. Bxd4 Rxd4 26. Qe1 Qd6 {and, a pawn down, Black creates huge
pressure on the open file.}) 23... Rb8 ({White keeps a serious advantage after
} 23... f6 24. Bf4 Nd4 25. b4) 24. Rxd6 Nd4 ({Another way did not work either} 
24... Bd4+ 25. Rxd4 Nxd4 26. Bf6 Qd6 27. Qh6 Qf8 28. Qxf8+ Rxf8 29. b4 Rfe8 30.
Bxd4 cxd4 31. Rxd4 {White would have total control over the most important
files for the sacrificed exchange.}) 25. Rd7 Qc6 26. Ra7 Rxb6 {After the game
Hou Yifan said, that she has not seen any other way, as activity does not help.
} (26... f5 27. b4 fxe4 28. bxc5 Qxc5 29. Rxg7+) 27. axb6 Qxb6 28. Rd7 Qb3 29.
Kh1 ({There was possibly a sharper way to cash in on the material advantage:} 
29. Qd3 Qxb2 30. Rb1 Qa2 31. Rbb7) 29... Qxc4 30. Qf4 Rf8 ({A slightly better
try was} 30... e5 31. Qc1 Qb5 32. Ra7 Rb8 33. Qa1) 31. Rb7 Qa4 32. Re1 Nc2 $2 {
A bad move, but the World Champion said that she had not seen anything which
would allow her to continue serious resistance.} 33. Rc1 Nb4 34. Qd2 Nc6 35.
Qd7 h6 36. Be7 Ra8 37. Bxc5 Kh7 38. Bg1 1-0